00277 a2200109 450000100060000008200170000610000260002324500670004925000060011626000300012230000150015266202 a623.4519 MEN aMendenhall Michael R. aTactical missile aerodynamics: prediction methodologynVol-142 a2 aWashington DCbAIAAc1992 axxi, 766p.